000 00330nam a22001457a 4500
008 210609b ||||| |||| 00| 0 eng d
020 _a9780321613417
041 _aeng
080 _22nd
_a510
082 _a510
100 _a36
101 _aMAT
245 _aMathematics With Early Integers
_cBittinger,M.L
942 _2udc
_cBK
999 _c58070
_d58070